Tunnettuja Suomalaisia - Statistics

Yleistilastot
  • Tätä visaa on pelattu 191 kertaa
  • Keskiarvotulos 12 / 20
Vastaustilastot
Kuvaus Vastaus % Oikein
Finlandian säveltäjä Jean Sibelius
97%
Perusti suklaastaan tunnetunSuomalaisen makeisvalmistajan vuonna 1891 Karl Fazer
96%
Pisimpään hallinnut presidentti Urho Kekkonen
94%
Muumihahmojen luoja Tove Jansson
92%
Suomen kirjakielen luoja Mikael Agricola
87%
Yli 500 venäläistä ampunutSuomalainen tarkka-ampuja Simo Häyhä
83%
Finlandia-talon suunnitellut arkkitehti Alvar Aalto
82%
Yhdeksänkertainen kestävyysjuoksun Olympiavoittaja Paavo Nurmi
79%
Piispa Henrikin surmannut talonpoika Lalli
77%
”Sinuhe egyptiläisen” kirjoittaja Mika Waltari
71%
Kalevalan kokoaja Elias Lönnrot
68%
Kirjoitti näytelmät ”Murtovarkaus” ja ”Työmiehen vaimo” Minna Canth
56%
Kirjoitti ”Vänrikki Stoolin tarinat” Johan Ludvig Runeberg
53%
AIV-rehun keksinyt kemisti A. I. Virtanen
47%
Punakaartin ylipäällikkö Kullervo Manner
43%
Nikolai Bobrikovin ampunut aktivisti Eugen Schauman
32%
Keskostutkimuksistaan tunnettu lääkäri Arvo Ylppö
30%
Vuonna 2004 kuollut jalkaväen kenraali ja Mannerheim-ristin ritari numero 162 Adolf Ehrnrooth
25%
Suomen kansakoulun isä Uno Cygnaeus
19%
Perusti Helsingin Diakonissalaitoksen Aurora Karamzin
8%
Ehtoja vastaavia visoja ei löytynyt
Tulosjakauma
Jokaisen tuloksen saaneiden osuus
Persentiili vastausten määrän mukaan
Tuloshistoriasi
Et ole pelannut tätä visaa